| 000 | 00377nam a22001577a 4500 | ||
|---|---|---|---|
| 003 | OSt | ||
| 005 | 20240111104752.0 | ||
| 008 | 190328b xxu||||| |||| 00| 0 eng d | ||
| 020 | _a9789387812505 | ||
| 040 | _cIIMT UNIVERSITY | ||
| 100 | _aSINGH JAGDAMBA | ||
| 245 | _aORGANIC SYNTHESIS | ||
| 260 |
_aMEERUT _bPRAGATI PUB _c2018 |
||
| 300 | _a832 | ||
| 942 |
_2ddc _c02 _e14TH 2018 |
||
| 999 |
_c44844 _d44844 |
||